Click the Daft Punk Song Title Ending - Statistics

General Stats
  • This quiz has been taken 125 times
    25 since last reset
  • The average score is 15 of 20
Answer Stats
Hint Extra Hint Answer % Correct
Too Discovery Long
91%
Television Rules the Human After All Nation
91%
Instant Random Access Memories Crush
87%
Get Random Access Memories Lucky
87%
Short Discovery Circuit
83%
Face to Discovery Face
83%
Steam Human After All Machine
83%
Doin' It Random Access Memories Right
83%
Rock'n Homework Roll
83%
Harder, Better, Faster, Discovery Stronger
83%
Giorgio by Random Access Memories Moroder
78%
Something About Discovery Us
78%
Veridis Discovery Quo
74%
Da Homework Funk
70%
Give Life Back to Random Access Memories Music
70%
Rollin' and Homework Scratchin'
70%
Revolution Homework 909
65%
Lose Yourself to Random Access Memories Dance
65%
Robot Human After All Rock
65%
Infinity Random Access Memories (10th Anniversary Edition) Repeating
57%
No matching quizzes found
Score Distribution
Percent of People with Each Score
Percentile by Number Answered
Your Score History
You have not taken this quiz since the last reset